Vplyv a obľuba prvorodených a prostredných detí

Bibliographic Details
Main Authors: Tedlová, Elena (Author), Čechová, Daniela (Author)
Format: Article
Language:Slovak
Subjects:

MARC

LEADER 00000nab a2200000 a 4500
001 vtls010175307
003 SK-MaSNL
005 20260304161233.0
008 250507c2007 xo ||||||||||||00 b|slo
015 |a SNBRB2010/09  |2 snkbucl 
035 |a (uuid)3933a513-8fbe-4d10-9140-9510d4ea5116 
035 |a urn:nbn:sk:snk-ab2tpc 
035 |a (urnnbn)urn:nbn:sk:snk:ar-a02xg8 
038 |a SNKBUCL 
040 |a SNKBUCL  |b slo  |c SNKBUCL  |e AACR2 
041 0 |a slo  |b eng 
044 |a xo  |c SK 
080 |a 159.928  |2 2001 
080 |a 159.928.23  |2 2001 
080 |a 159.922.76  |2 2001 
100 1 |a Tedlová, Elena  |4 aut  |9 1484914 
245 1 0 |a Vplyv a obľuba prvorodených a prostredných detí  |c Elena Tedlová, Daniela Čechová 
300 |b Tab. 
504 |a Bibliogr. odkazy 
546 |a Res. angl. 
650 0 7 |a psychológia dieťaťa  |2 snkbucl  |9 1793 
650 0 7 |a patopsychológia dieťaťa  |2 snkbucl  |9 388099 
650 0 7 |a prvorodené deti  |2 snkbucl  |9 1484915 
650 0 7 |a rodinné prostredie  |2 snkbucl  |9 311404 
650 0 7 |a obľúbenosť detí v rodine  |2 snkbucl  |9 1484916 
700 1 |a Čechová, Daniela  |4 aut  |9 374673 
773 0 |t Psychológia a patopsychológia dieťaťa  |g Roč. 42, č. 1-2 (2007), s. 46-64  |x 0555-5574 
850 |a Slovenská národná knižnica 
852 |a Slovenská národná knižnica 
954 |a odborná, vedecká literatúra pôvodná (slovenská)  |2 lita 
958 |a article2022 
958 |a SK 
958 |a NB 
958 |a OND 
958 |a EUIPO 
999 |c 2970430  |d 2972360